| 000 | 00948nam a22002417a 4500 | ||
|---|---|---|---|
| 005 | 20260209130849.0 | ||
| 008 | 260202b |||||||| |||| 00| 0 eng d | ||
| 020 | _a9780198425076 | ||
| 040 | _cMzuzu University. | ||
| 050 |
_aQA107 _bRAY 2018 |
||
| 245 |
_aComplete mathematics for Cambridge IGCSE : _b Extended/ _cDavid Rayner,Ian Bettison and Mathew Taylor |
||
| 250 | _a5th Ed. | ||
| 260 |
_a Oxford, _bOxford University Press, _c 2018 |
||
| 300 |
_a x, 493 pages : _billustrations (chiefly color) ; _c25 cm. |
||
| 440 | _a Aspire succeed progress/ | ||
| 500 | _aInclude Bibliographical reference and Index. | ||
| 650 | _a International General Certificate of Secondary Education | ||
| 650 | _aInternational General Certificate of Secondary Education Guides de l'étudiant | ||
| 650 | _aInternational General Certificate of Secondary Education Study guides | ||
| 700 | _aBettisn Ian: | ||
| 700 | _aTaylor Mathew. | ||
| 942 |
_2lcc _cBK |
||
| 999 |
_c25606 _d25606 |
||